00743nam a2200217Ii 45000010005000000030009000050080041000140400033000550410008000880820019000961000017001152450028001322640060001603000012002203360026002323370028002583380027002869400050003139990017003639520145003806224CO-ViMGA241108s9999||||xx |||||||||||||| ||und|| aCO-ViMGAbspaerdacCO-ViMGA0 aunk04aCh861.44-N454n1 aPablo Neruda10aNavegaciones y regresos 1a[Lugar de publicación no identificado] : Losada, 1959 avolumen atextbtxt2rdacontent aunmediatedbn2rdamedia avolumebnc2rdacarrier aidficha_siabuc: 6077. -- ficha_no_siabuc:6224 c54512d54512 001040708001aMEVIGERRbMEVIGERRcGENd2006-11-27hVol.1oCh861.44-N454npECA5566r2024-11-26 10:41:29tEj.1w2024-11-26yBKz6077 | 8515